LEADER 00635nam a2200193 i 4500 001 000000249041 003 CaOOAMICUS 005 20160428000000.0 008 160428s1843 xx u000 u fre u 013 $a227946 040 $aSeMil$bita 245 10$aTome 4.2. 300 $aP. 401-800. 773 0 $tEncyclopédie du dix-neuvieme siècle.$dParis : Au Bureau de l' Encyclopédie du XIXe siècle, 1838.$g8$w()11611 850 $aSeMil 852 $aSeMil$W1$xVenegono$y1$m1D III 8 FA$j199387$B199387$CSeMilBibl$Z2$F210826 $8I 941 1 $a10 961 $aRecupero: Mantegazza 996 $6245$aTome 4.2$9(OLS)http://semarc/title/351312 LEADER 00583nam a2200169 i 4500 001 000000062061 003 CaOOAMICUS 005 20131029000000.0 008 131029s1884 it u000 u ita u 013 $a33233 040 $aSeMil$bita 245 10$aVol. 1. 300 $axv, 323 p. 773 0 $aRosmini, Antonio $tAntropologia soprannaturale.$dCasale Monferrato : Tipografia Giovanni Pane, 1884.$g1$w()28500 850 $aSeMil 852 $aSeMil$W1$xVenegono$y1$m2L III 36 FA$j28214$B28214$CSeMilBibl$Z2$F28217 $8I 996 $6245$aVol. 1$9(OLS)http://semarc/title/13429